Applied mechanics dynamics (Record no. 10194)

000 -LEADER
fixed length control field 00550nam a2200205 a 4500
001 - CONTROL NUMBER
control field 10194
003 - CONTROL NUMBER IDENTIFIER
control field BD-DhUET
008 - FIXED-LENGTH DATA ELEMENTS--GENERAL INFORMATION
fixed length control field 840201s1950 nyua b 001 0 eng d
040 ## - CATALOGING SOURCE
Original cataloging agency VTU
Transcribing agency VTU
Modifying agency BD-DhUET
-- OCL
-- NNC
082 ## - DEWEY DECIMAL CLASSIFICATION NUMBER
Classification number 620.1
Item number HOU/1959
100 ## - MAIN ENTRY--PERSONAL NAME
Personal name Housner, George W
245 10 - TITLE STATEMENT
Title Applied mechanics dynamics
250 ## - EDITION STATEMENT
Edition statement 2nd ed.
260 ## - PUBLICATION, DISTRIBUTION, ETC. (IMPRINT)
Place of publication, distribution, etc. New York
Name of publisher, distributor, etc. Van Nostrand
Date of publication, distribution, etc. 1959
300 ## - PHYSICAL DESCRIPTION
Extent ix 295 p.
Other physical details ill.
Dimensions 24 cm.
504 ## - BIBLIOGRAPHY, ETC. NOTE
Bibliography, etc Includes bibliographies
650 #0 - SUBJECT ADDED ENTRY--TOPICAL TERM
Topical term or geographic name as entry element Dynamics-Applied mechanics
700 ## - ADDED ENTRY--PERSONAL NAME
Personal name Hudson, Donald E
942 ## - ADDED ENTRY ELEMENTS (KOHA)
Koha item type General Book
Holdings
Copy number Location (home branch) Price effective from Sublocation or collection (holding branch) Not for loan Shelving location Koha normalized classification for sorting Koha full call number Lost status Piece designation (barcode) Damaged status Source of classification or shelving scheme Withdrawn status Date acquired Koha item type Koha date last seen Koha collection
1Central Library, BUET2015-02-05Central Library, BUET Circulation section620_100000000000000_HOU_1959620.1/HOU/1959 84374   2015-02-05General Book2015-02-05Non Fiction
2Central Library, BUET2015-03-28Central Library, BUET Circulation section620_100000000000000_HOU_1959620.1/HOU/1959 25466   2015-03-28General Book2015-03-28